Mi-simṭaʾot ha-Melaḥ : sipurim u-meshalim, agadot u-maʻaśiyot mi-ḥaye ḳehilat Yehude Azimur shebe-Maroḳo /
Saved in:
| Main Author: | |
|---|---|
| Other Authors: | |
| Format: | Book |
| Language: | Hebrew |
| Published: |
Yerushalayim :
Yerid ha-sefarim,
2002.
|
| Subjects: | |
| Tags: |
Add Tag
No Tags, Be the first to tag this record!
|
| LEADER | 00929nam a22002537a 4500 | ||
|---|---|---|---|
| 001 | 009188446-2 | ||
| 005 | 20030911101253.0 | ||
| 008 | 030910s2002 is |||||||||||000|0|heb|d | ||
| 035 | 0 | |a ocm57633829 | |
| 100 | 1 | |a Elfassy, Yaakov. | |
| 245 | 1 | 0 | |a Mi-simṭaʾot ha-Melaḥ : |b sipurim u-meshalim, agadot u-maʻaśiyot mi-ḥaye ḳehilat Yehude Azimur shebe-Maroḳo / |c Yaʻaḳov Elfasi ; ba-ʻarikhat Nisim Ḳrispil. |
| 246 | 3 | |a From the alleyways of "The Melach" : folk tales of Morrocan Jewry | |
| 260 | |a Yerushalayim : |b Yerid ha-sefarim, |c 2002. | ||
| 300 | |a 319 p. : |b ill. ; |c 24 cm. | ||
| 650 | 0 | |a Jews, Moroccan |z Israel |x Folklore. | |
| 650 | 0 | |a Folklore |z Israel. | |
| 650 | 0 | |a Folklore |z Arab countries. | |
| 650 | 0 | |a Jewish parables. | |
| 650 | 0 | |a Jews |z Morocco |y History. | |
| 650 | 0 | |a Jews, Moroccan |x Social life and customs. | |
| 700 | 1 | |a Krispil, Nissim. | |
| 752 | |a Israel |d Jerusalem. | ||
| 988 | |a 20030910 | ||
| 906 | |0 MH | ||


